000 00603nam a2200205 4500
001 4216
005 20181127172906.0
010 0 0 _a
020 0 0 _a139788184953602
090 0 0 _a328.73092 P9451b 2012
100 0 0 _aPrice, Joann F.
245 0 0 _aA biography of Barack Obama /
_b
_cJoanna F. Price.
_h
260 0 0 _aAhemdabad :
_bJaico Publishing House,
_c2012.
300 0 0 _axx, 144 p. ; 26 cm.
650 _aPresidential candidates.
_v
_x
_y
_z
_2
650 _aUnited States. Congress. Senate.
_v
_x
_y
_z
_2
650 0 0 _aAfrican American legislators
_x
650 0 0 _aLegislators.
_x
650 0 0 _aObama, Barack.
_x
999 _c3466
_d3466